Club de Ligue 1 sans voyelles - Statistiques

Statistiques générales
  • Ce quiz a été pris 211 fois
  • Le résultat moyen est 16 sur 18
Statistiques - réponses
Indices Club % Correct
PRS SNT GRMN Paris Saint-Germain
100%
LMPQ D MRSLL Olympique de Marseille
97%
GC NC OGC Nice
92%
FC NNTS FC Nantes
91%
LSC LLL LOSC Lille
91%
RC LNS RC Lens
91%
STD BRSTS Stade brestois 29
91%
TLS FC Toulouse FC
91%
FC LRNT FC Lorient
90%
FC MTZ FC Metz
90%
PRS FC Paris FC
90%
STD RNNS FC Stade rennais FC
90%
L HVR C Le Havre AC
89%
LMPQ LNNS Olympique lyonnais
88%
RC STRSBRG RC Strasbourg
88%
S MNC AS Monaco
86%
J XRR AJ Auxerre
83%
NGRS SC Angers SCO
78%
Aucun quiz correspondant
Distribution des résultats
% des personnes avec chaque résultat
Percentile par nombre de réponses
Votre historique - résultats
Vous n’avez pas pris ce quiz